Respuesta de los tres señores Fiscales del Consejo en el expediente consultivo de las Cartujas de España. (Record no. 152992)

MARC details
000 -LEADER
campo de control de longitud fija 00799nam a22002295i 4500
001 - NÚMERO DE CONTROL
campo de control 152992
003 - IDENTIFICADOR DE NÚMERO DE CONTROL
campo de control ES-MaACL
005 - FECHA Y HORA DE LA ÚLTIMA TRANSACCIÓN
campo de control 20240611114213.0
008 - DATOS DE LONGITUD FIJA--INFORMACIÓN GENERAL
campo de control de longitud fija 961004s1779 sp |||| | spa d
040 ## - FUENTE DE CATALOGACIÓN
Centro catalogador/agencia de origen CAM
Lengua de catalogación spa
Centro/agencia transcriptor CAM
110 2# - ENTRADA PRINCIPAL--NOMBRE DE ENTIDAD CORPORATIVA
Nombre de entidad corporativa o nombre de jurisdicción como elemento de entrada Cartujos.
9 (RLIN) 134223
245 10 - MENCIÓN DEL TÍTULO
Título Respuesta de los tres señores Fiscales del Consejo en el expediente consultivo de las Cartujas de España.
260 ## - PUBLICACIÓN, DISTRIBUCIÓN, ETC.
Lugar de publicación, distribución, etc. Madrid :
Nombre del editor, distribuidor, etc. de orden del Consejo en la Imprenta de Pedro Marin,
Fecha de publicación, distribución, etc. 1779.
300 ## - DESCRIPCIÓN FÍSICA
Extensión [4], 181 p. ;
Dimensiones 4º.
597 #1 - NOTA DE DESCRIPCIÓN FÍSICA
NOTA DE DESCRIPCIÓN FÍSICA Sign.: A-S\p4\s, T\p3\s, V-Z\p4\s, 2A\p2\s.
597 #1 - NOTA DE DESCRIPCIÓN FÍSICA
NOTA DE DESCRIPCIÓN FÍSICA Las pp. 145-146, h. pleg.
597 #1 - NOTA DE DESCRIPCIÓN FÍSICA
NOTA DE DESCRIPCIÓN FÍSICA Port. con esc. xil. real.
650 #4 - PUNTO DE ACCESO ADICIONAL DE MATERIA--TÉRMINO DE MATERIA
9 (RLIN) 10811
Término de materia o nombre geográfico como elemento de entrada Cartujos
852 ## - LOCALIZACIÓN
Ubicación ES-MaACL
Número de control de estantería R-350
Nota libre -- Enc. pasta española
Signatura antigua -- Olim: G-460
942 ## - ELEMENTOS DE ENTRADA SECUNDARIOS (KOHA)
Fuente del sistema de clasificación o colocación Clasificación decimal universal
Holdings
Estatus retirado Estado de pérdida Estado de daño No para préstamo Colección Biblioteca de origen Biblioteca actual Ubicación en estantería Fecha de adquisición Fuente de adquisición Total de préstamos Signatura topográfica completa Código de barras Visto por última vez Precio de reemplazo Tipo de ítem Koha
        Libros del s. XVIII Biblioteca del Ateneo de Madrid Biblioteca del Ateneo de Madrid Depósito 17/01/2008     R-350 1159827 23/02/2023 23/02/2023 Libro impreso antiguo